Přeskočit na obsah

Концертмейстеру классического танца. Сборник классических вариаций ноты

Сборник вариаций из классических балетов адресован педагогам и концертмейстерам , работающим над сценическим репертуаром. В издание вошли вариации из классических балетов, которые часто используют для выступлений на конкурсах, в концертах учебной практики. Здесь представлены как достаточно известные...

Celý popis

Uloženo v:
Podrobná bibliografie
Médium: Книга
Jazyk:Russian
Vydáno: Санкт-Петербург Планета музыки 2025
Vydání:4-е изд., стер.
Témata:
On-line přístup:https://e.lanbook.com/book/460421
https://e.lanbook.com/img/cover/book/460421.jpg
Tagy: Přidat tag
Žádné tagy, Buďte první, kdo otaguje tento záznam!
LEADER 02611nam0a2200337 i 4500
001 460421
003 RuSpLAN
005 20250303112913.0
008 250303s2025 ru gs 000 0 rus
020 |a 978-5-507-52691-8 
040 |a RuSpLAN 
041 0 |a rus 
044 |a ru 
080 |a 786.2 
084 |a 85.954.2  |2 rubbk 
245 0 0 |a Концертмейстеру классического танца. Сборник классических вариаций  |b ноты 
250 |a 4-е изд., стер. 
260 |a Санкт-Петербург  |b Планета музыки  |c 2025 
300 |a 52 с. 
504 |a Библиогр.: доступна в карточке книги, на сайте ЭБС Лань 
520 8 |a Сборник вариаций из классических балетов адресован педагогам и концертмейстерам , работающим над сценическим репертуаром. В издание вошли вариации из классических балетов, которые часто используют для выступлений на конкурсах, в концертах учебной практики. Здесь представлены как достаточно известные, так и редкие вариации, ноты которых найти проблематично. Сборник также будет интересен педагогам фортепиано как музыкальный материал для разучивания с детьми. The collection of variations from classical ballets is addressed to teachers and accompanists working on the stage repertoire. The edition includes variations from classical ballets, which are often used for performances at competitions, in concerts of educational practice. Here are both well-known and rare variations, the scores of which are difficult to find. The collection will also be of interest to piano teachers as music material for learning with children. 
521 8 |a Книга из коллекции Планета музыки - Балет. Танец. Хореография 
653 0 |a классический танец 
653 0 |a балетные вариации 
653 0 |a балет 
653 0 |a концертмейстер 
653 0 |a хореография 
653 0 |a балетный класс 
856 4 |u https://e.lanbook.com/book/460421 
856 4 8 |u https://e.lanbook.com/img/cover/book/460421.jpg 
953 |a https://e.lanbook.com/img/cover/book/460421.jpg